000 01993cam a22004694i 4500
003 PE-LiUPU
005 20250731172828.0
008 150617s1978 sp r 000 0 spa d
020 _a8470572393
035 _a(Sirsi) i9788470572395
040 _aPE-LiUPU
_bspa
_cPE-LiUPU
_erda
049 _aPRUA
082 0 4 _a296.46901
_bG25
_221
100 1 _aGarcía Iglesias, L.,
_eautor.
245 1 4 _aLos judios en la España antigua /
_cL. García Iglesias.
264 1 _aMadrid :
_bEdiciones Cristiandad,
_c1978.
300 _a228 páginas ;
_c21 centímetros
336 _atext
_2rdacontent
337 _aunmediated
_2rdamedia
338 _avolume
_2rdacarrier
504 _aNotas bibliográficas al pie de páginas.
505 0 _aAntigüedad de la presencia judía en España -- Los judíos peninsulares en la época romana -- El concilio de Elbira y los judíos -- Invasiones bárbaras y período visigodo arriano -- Política judía de los reyes visigodos católicos -- Los judíos y la iglesia visigoda -- Vida religiosa de los judíos hispánicos -- Vida económica y social de los judíos del reino visigodo -- Causas de la presecusión antijudía en el reino visigodo -- Los judíos peninsulares y la invasión musulmana.
526 _aSEG42
526 _aSEG41
526 _aSEG40
526 _aSEG39
526 _aP94
526 _aP87
526 _aP86
526 _aP85
526 _aP77
526 _aP76
526 _aP35
650 0 4 _aJudíos
_zEspaña.
910 _ajck
_bjvq
_cjck
_d20150616
942 _2ddc
_cBOOK
949 _a296.46901 G25
_wDEWEY
_c1
_i23337
_lCCODEBUL1
_mBUL
_r0
_sY
_tBOOK
_u2015-6-17
_xTEOLOGIA
_PP35
_0COMPRA
_o.STAFF. Colección Teología
994 _aC0
_bPEPRU
596 _a1
999 _a296.46901 G25
_wDEWEY
_c5758
_i23337
_d5758
_e2017-11-2
_f2021-11-11
_g5
_lCCODEBUL1
_mBUL
_n1
_p20.00
_r0
_sY
_tBOOK
_u2015-6-17
_xTEOLOGIA
_PP35
_0COMPRA
_o.STAFF. Colección Teología
980 _81
_gALBERTO SANCHEZ Responsable de Automatización